000 00545nam a2200181Ia 4500
001 25284
005 20260414151139.0
008 260414t2016||||xx |||||||||||||| ||spa||
041 _aESP
082 _a346.431
_bM36
100 _aMedina Canelo, Harold
_eAUT
245 0 _aResponsabilidad civil en el derecho inmobiliario :
_bresponsabilidad por daños ocasionados por vicios o defectos en la edificación de viviendas
260 _c2016
300 _a351 páginas :
_c24 cm.
650 _aDER
654 _aCDE
942 _cLIB
_dJUS
_fJUS
_2ddc
_n
999 _c25284
_d25284